00400nam a22001217a 4500008004100000040005500041080002000096245004900116260005700165300001600222650002100238653001900259230609b |||||||| |||| 00| 0 eng d aNational Science LibrarycNational Science Library a621.039.577bL4 aPower and research reactors in member states aVienna: bInternational Atomic Energy Agency, c1974 axxxix, 78p. aReactor research aPower reactors